000
00295nam a22001457a 4500
020
_a
000
041
_a
ENG
100
_a
Gupta K
245
_a
Workshop Technology Vol 1
250
_a
Revised Ed
260
_a
Delhi
_b
New Heights Pub
_c
1994
300
_a
608
650
_a
FMP
856
_u
FMP
999
_c
341
_d
341